Odgadnij piosenkę Zeamsone po fragmencie klipu #2 - Statystyki

Ogólne statystyki
  • Ten quiz został rozwiązany 11 razy
  • Średni wynik to 9 z 16
Statystyki odpowiedzi
Obrazkowy Odpowiedź % Poprawnych
nie jestem romantyczny
100%
ABCD
90%
Cena Ambicji
80%
GGG FREESTYLE
80%
Kurtki bomberki
80%
20k
70%
21 gramów
70%
High Life
60%
HOT16CHALLENGE2
60%
Tsunami
60%
Jedna Noc
50%
Liczby
30%
4 RANO
20%
Lambo
20%
Stay Fly
10%
Trofeum
10%
Nie znaleziono quizów pasujących do podanych kryteriów
Rozkład punktacji
Procent ludzi z każdym wynikiem
Percentyl według liczby udzielonych odpowiedzi
Twoja historia wyników
Nie rozwiązałeś tego quizu